| 000 | 00466nam a2200133Ia 4500 | ||
|---|---|---|---|
| 008 | 200302s9999 xx 000 0 und d | ||
| 020 | _a9780128029718 | ||
| 245 |
_cEdited by George P. Patrinos, Wilhelm J. Ansorge, Phillip B. Danielson.-- _aMolecular diagnostics / |
||
| 250 | _a3rd | ||
| 260 |
_aUnited Kingdom: _bAcademic Press _c2017 |
||
| 300 |
_axviii, 506 pages : _bblack and white illustrations; |
||
| 500 | _aIncludes index. | ||
| 650 | _a Molecular diagnosis. | ||
| 999 |
_c363038 _d363038 |
||